header

Perspectives in stem cell research (Record no. 30606)

MARC details
000 -LEADER
fixed length control field 01367nam a2200337 a 4500
082 04 - DEWEY DECIMAL CLASSIFICATION NUMBER
Classification number 616/.02774
245 00 - TITLE STATEMENT
Title Perspectives in stem cell research
260 ## - PUBLICATION, DISTRIBUTION, ETC. (IMPRINT)
Place of publication Hauppauge, N.Y. :
Name of publisher Nova Science Publishers,
Year of publication c2011.
300 ## - PHYSICAL DESCRIPTION
Number of Pages xii, 381 p. :
Other physical details ill. (some col.).
490 1# - SERIES STATEMENT
Series statement Stem cells--laboratory and clinical research
650 #0 - SUBJECT ADDED ENTRY--TOPICAL TERM
Topical Term Stem cells.
700 1# - ADDED ENTRY--PERSONAL NAME
Personal name Davis, Brenda M.
Personal name Halton, Christopher B.
856 40 - ELECTRONIC LOCATION AND ACCESS
Uniform Resource Identifier http://site.ebrary.com/lib/rucke/Doc?id=10686213

No items available.

© 2026 Rongo University
Contact us: librarian | system librarian | Rongo university